000 00466nam a2200181Ia 4500
001 17417
005 20260306171516.0
008 260306s9999||||xx |||||||||||||| ||und||
041 _aESP
082 _a657.98
_bL99
100 _aLuque Livón, Liz Vanessa
_eAUT
245 0 _aImplicancias tributarias de las asociaciones sin fines de lucro
260 _c2021
300 _a31 páginas :
_c24 cm.
650 _aGEN
654 _aCCO
942 _cLIB
_dJUS
_fJUS
_2ddc
_n
999 _c17417
_d17417